| 000 | 00498cam a2200181ua 4500 | ||
|---|---|---|---|
| 020 | _c10.00 | ||
| 041 |
_aeng _h |
||
| 082 |
_a658.1 _bLEP/AD |
||
| 100 | _aLepawsky, Albert . | ||
| 245 |
_aAdministration : The act and science of organization and management / _cAlbert Lepawsky. _hTextual Documents |
||
| 250 |
_a1 / _b. |
||
| 260 |
_aCalcutta : _bOxford & IBH Publishing company , _c1965. |
||
| 300 | _a669 ; . | ||
| 365 | _a10.00 | ||
| 504 | _a | ||
| 942 | _cBK | ||
| 999 |
_c2056 _d2056 |
||